000 00996nas a2200325 4500
001 BR9607070
003 BR-BrBNA
005 20231205095420.0
007 ta
008 230509b bl.|||p| |||| 00| 00por d
040 _aBR-BrBNA
_bpor
_cBiblioteca Nacional de Agricultura
041 _a(Pt)
072 _aL02
100 1 _aRodriguez, L.R.R.
100 1 _aFontes, C.A. de A.
100 1 _aJorge, A.M.
100 1 _aQueiroz, A.C. de
100 1 _aResende, F.D. de
100 1 _aFreitas, J.A. de
100 1 _aSoares, J.E.
245 1 _aConsumo de racoes contendo quatro niveis de concentrado por bovinos Holandeses e Nelores e por bubalinos
650 _aBovino
650 _aBufalo
650 _aRacao
650 _aAlimento Concentrado
650 _aConsumo Alimentar
773 0 _tRevista da Sociedade Brasileira de Zootecnia (Brazil)
_xISSN 0100-4859
_g(May-Jun 1996), v. 25(3) p. 568-581
_wBR9607070
909 _a202311
_bLúcia
_c55
_dLúcia Elande
942 _2AGRIS
_n0
_cANA
999 _c150519
_d150519